Software Engineering (Record no. 4346)

MARC details
000 -LEADER
fixed length control field 00334nam a2200145Ia 4500
008 - FIXED-LENGTH DATA ELEMENTS--GENERAL INFORMATION
fixed length control field 191201s2009 xx 000 0 und d
082 ## - DEWEY DECIMAL CLASSIFICATION NUMBER
Classification number 005.133
Item number PRS
100 ## - MAIN ENTRY--PERSONAL NAME
Personal name PRESSMAN,Roger S
245 #0 - TITLE STATEMENT
Title Software Engineering
250 ## - EDITION STATEMENT
Edition statement 7th
260 ## - PUBLICATION, DISTRIBUTION, ETC. (IMPRINT)
Place of publication, distribution, etc N.Delhi
Name of publisher, distributor, etc MGH
Date of publication, distribution, etc 2009
300 ## - PHYSICAL DESCRIPTION
Extent 895
650 ## - SUBJECT ADDED ENTRY--TOPICAL TERM
Topical term or geographic name as entry element B.Tech(IT)
942 ## - ADDED ENTRY ELEMENTS (KOHA)
Source of classification or shelving scheme Dewey Decimal Classification
Koha item type Text Books
942 ## - ADDED ENTRY ELEMENTS (KOHA)
-- 2
Holdings
Withdrawn status Lost status Source of classification or shelving scheme Damaged status Not for loan Collection code Home library Current library Date acquired Source of acquisition Cost, normal purchase price Bill Number Total Checkouts Full call number Acc. no. / Barcode Date last seen Bill Date Koha item type Date last borrowed
    Dewey Decimal Classification     Computer Science & Engineering in Cyber Security PIET C-LIBRARY PIET C-LIBRARY 18/01/2010 J B C, New Delhi 11.00 SI-4085   005.1 PRS 14511 04/12/2019 08/01/2010 Text Books  
    Dewey Decimal Classification     Computer Science and Engineering in AI & Machine Learning PIET C-LIBRARY PIET C-LIBRARY 18/01/2010 J B C, New Delhi 11.00 SI-4085 1 005.1 PRS 14512 29/02/2020 08/01/2010 Text Books 25/02/2020
    Dewey Decimal Classification     Computer Science and Engineering in AI & Machine Learning PIET C-LIBRARY PIET C-LIBRARY 18/01/2010 J B C, New Delhi 11.00 SI-4085   005.1 PRS 14513 04/12/2019 08/01/2010 Text Books  
    Dewey Decimal Classification     Computer Science and Engineering in AI & Machine Learning PIET C-LIBRARY PIET C-LIBRARY 18/01/2010 J B C, New Delhi 11.00 SI-4085   005.1 PRS 14514 04/12/2019 08/01/2010 Text Books  
    Dewey Decimal Classification     Computer Science and Engineering in AI & Machine Learning PIET C-LIBRARY PIET C-LIBRARY 18/01/2010 J B C, New Delhi 11.00 SI-4085 1 005.1 PRS 14515 24/02/2020 08/01/2010 Text Books 14/02/2020
    Dewey Decimal Classification     Computer Science and Engineering in AI & Machine Learning PIET C-LIBRARY PIET C-LIBRARY 18/01/2010 J B C, New Delhi 11.00 SI-4085   005.1 PRS 14516 04/12/2019 08/01/2010 Text Books  

Design & Developed by: PIET Central Library
R70 Miles Stone Pattikalyana Samalkha Panipat 132102
mail ID :- [email protected], Phone No:- 0180-2569700 Ex.216